000 00251nam a22001097a 4500
999 _c252118
_d252117
020 _a9966446117
100 _aKLB
245 _aKiswahili Kwa Kidato Cha 4
250 _aToleo la tatu
260 _aNairobi
_bKenya Literature Bureau
_c1989
942 _cBK